000 00894nam a2200253Ia 4500
003 OSt
005 20221005113226.0
006 a|||||r|||| 00| 0
007 ta
008 221004b |||||||| |||| 00| 0 pan d
020 _a9789380210117 (hbk)
_c300
024 _a2649
037 _b691, 16/01/2013, Bright Book Service
_cTextual
040 _aCRL
_cCRL
_bpan
041 _2pan
_apan
082 _aQ8441:21:g, 153Q0
100 _aਕਿਰਨਦੀਪ ਕੌਰ
245 0 _aਗੁਰੂ ਗ੍ਰੰਥ ਸਾਹਿਬ ਵਿੱਚ ਪਤਿ ਦਾ ਸੰਕਲਪ
260 _aਪਟਿਆਲਾ
_bਗੁਰਮੀਤ ਪ੍ਰਕਾFਨ ਭਾਰਤ
_c2010
300 _a250ਪੰ
_ccm.
650 _aਧਰਮ
942 _hQ8441:21:g, 153Q0
_cTEXL
_2cc
999 _c1027460
_d1027460